Autorzy wymienionych książek - Statystyki

Ogólne statystyki
  • Ten quiz został rozwiązany 2 974 razy
  • Średni wynik to 13 z 30
Statystyki odpowiedzi
Hint Odpowiedź % Poprawnych
Władca Pierścieni, Hobbit J.R.R. Tolkien
91%
Iliada, Odyseja Homer
88%
Sen nocy letniej, Hamlet William Szekspir
83%
Piekło, Boska komedia Dante Alighieri
74%
Zbrodnia i kara, Bracia Karamazow Fiodor Dostojewski
74%
Komu Bije dzwon, Stary człowiek i morze Ernest Hemingway
69%
Antygona, Król Edyp Sofokles
64%
Rok 1984, Folwark Zwierzęcy George Orwell
63%
Lśnienie, Miasteczko Salem Stephen King
60%
Ameryka, Proces Franz Kafka
48%
Anna Karenina, Wojna i pokój Lew Tołstoj
48%
Dżuma, Obcy Albert Camus
46%
Faust, Cierpienia młodego Wertera Johann Wolfgang von Goethe
45%
Wahadło Foucalta, Imię róży Umberto Eco
45%
Kod Leonarda da Vinci, Cyfrowa Twierdza Dan Brown
42%
Biała gwardia, Mistrz i Małgorzata Michaił Bułhakow
42%
Jądro Ciemności, Lord Jim Joseph Conrad
39%
Książę i Żebrak, Przygody Tomka Sawyera Mark Twain
39%
Hrabia Monte Christo, Trzej Muszkieterowie Alexander Dumas
36%
Oliver Twist, David Copperfield Charles Dickens
24%
Biały Kieł, Zew krwi Jack London
23%
Jaszczur, Ojciec Goriot Honore de Balzac
19%
Ulisses, Powieść artysty z czasów młodości James Joyce
19%
Mężczyźni, którzy nienawidzą kobiet; Dziewczyna, która igrała z ogniem Stieg Larsson
19%
Giaur, Don Juan George Byron
18%
Diuna, Mesjasz Diuny Frank Herbert
15%
Raj utracony, Raj odzyskany John Milton
10%
Upadek Gigantów, Filary Ziemi Ken Follett
10%
Śniadanie mistrzów, Kocia kołyska Kurt Vonnegut
9%
Kobiety, Szmira Charles Bukowski
7%
Nie znaleziono quizów pasujących do podanych kryteriów
Rozkład punktacji
Procent ludzi z każdym wynikiem
Percentyl według liczby udzielonych odpowiedzi
Twoja historia wyników
Nie rozwiązałeś tego quizu